Представление документа в формате RUSMARC

ПолеНазваниеЗначение
  Тип записи a
  Библиографический уровень c
001 Контрольный номер RU/SLIB/B/208705201
005 Дата корректировки 20231031144247.7
010 Индекс ISBN __
d Цена 780-00; 1200-00
101 Язык документа 0_
a Язык текста rus
200 Заглавие и сведения об ответственности 0_
a Заглавие Насморк
e Сведения, относящиеся к заглавию романы
f Первые сведения об ответственности С. Лем. Фоторобот / М. Лебрэн. Желтая тень / Р. Томас
b Общее обозначение материала Текст
210 Выходные данные 1_
a Место издания СПб.
c Издательство Изд-во журн. "Сел. молодежь"
c Издательство Прибой
d Дата издания 1993
215 Физическое описание __
a Объем 350 с.
225 Серия 2_
a Серия Библиотека детектива, героики и приключений "Подвиг". Психологический детектив
v Обозначение тома т. 6
327 Примечание о содержании 0_
a Примечание о содержании Фоторобот / М. Лебрэн
327 Примечание о содержании 0_
a Примечание о содержании Желтая тень / Р. Томас
517 Другие варианты заглавия 1_
a Другие варианты заглавия Фоторобот
517 Другие варианты заглавия 1_
a Другие варианты заглавия Желтая тень
606 Тематические рубрики __
a Основная рубрика Художественная литература
606 Тематические рубрики __
a Основная рубрика Мировая литература (произведения)
606 Тематические рубрики __
a Основная рубрика Литература Новейшего времени (произведения)
610 Ключевые слова 0_
a Ключевые слова романы; проза; прозаические произведения; тема приключений; тема человека; детективы; психологические детективы; детективные романы; тема преступлений; тема расследований
686 Индексы других классификаций __
2 Код системы rubbks
a Классификационный индекс 84(0)-4
a Классификационный индекс 84(0)6-4; ст84(0)-4 + ст84(0)6-4
700 Автор _1
a Фамилия Лем
b Имя С.
4 Код отношения 070
701 Альтернативная интеллектуальная ответственность _1
a Фамилия Томас
b Имя Р.
4 Код отношения 070
701 Альтернативная интеллектуальная ответственность _1
a Фамилия Лебрэн
b Имя М.
4 Код отношения 070
801 Источник записи _0
a Страна RU
b Организация Муниципальное бюджетное учреждение культуры "Централизованная библиотечная система" г. Сургут (Центральная городская библиотека им. А. С. Пушкина)
g Правила каталогизации ОБ/Смолякова
801 Источник записи _1
a Страна RU
b Организация Муниципальное бюджетное учреждение культуры "Централизованная библиотечная система" г. Сургут (Центральная городская библиотека им. А. С. Пушкина)
g Правила каталогизации ОБ/Смолякова
852 Данные о местонахождении __
j Шифр хранения 84(0)-4
c Каталожный индекс 84(0)-4; 84(0)6-4
i Авторский знак Л 44
p Инвентарный номер 49438; 51179
901 Тип документа __
t Тип документа x
969 Тип издания __
a Тип издания сборник
990 Данные о заказе (DOS) 00
j Количество экземпляров (DOS) 1; 3
t N записи в КСУ для И/У (DOS) 199501; 199401